Gesamtwirtschaftliche und unternehmerische Anpassungsfortschritte in Ostdeutschland Neunter Bericht

Salvato in:
Dettagli Bibliografici
Natura: Libro
Lingua:tedesco
Pubblicazione: Kiel Institut für Weltwirtschaft 1993
Edizione:1. Aufl.
Serie:Kieler Diskussionsbeiträge 218/219
Soggetti:
Tags: Aggiungi Tag
Nessun Tag, puoi essere il primo ad aggiungerne!!

MARC

LEADER 00000nam a2200000 4500
001 c005308
005 20221214082140.1
020 |a 3-89456-061-4 
041 0 |a ger 
044 |a DE 
245 1 0 |a Gesamtwirtschaftliche und unternehmerische Anpassungsfortschritte in Ostdeutschland  |b Neunter Bericht 
250 |a 1. Aufl. 
264 1 |a Kiel  |b Institut für Weltwirtschaft  |c 1993 
300 |a 53 s. 
490 1 |a Kieler Diskussionsbeiträge  |v 218/219 
830 0 |a Kieler Diskussionsbeiträge  |v 218/219 
610 2 0 |a východné Nemecko 
610 2 0 |a odvetvia priemyselné 
610 2 0 |a stavebníctvo 
610 2 0 |a služby 
610 2 0 |a podnik 
610 2 0 |a mzdy 
610 2 0 |a produktivita práce 
610 2 0 |a zamestnanosť 
610 2 0 |a obchod 
610 2 0 |a doprava 
610 2 0 |a situácia hospodárska